Come back to Afghanistan :a California teenager's story (Record no. 70037)

000 -LEADER
fixed length control field 01543cam a22003854a 4500
001 - CONTROL NUMBER
control field 13917793
003 - CONTROL NUMBER IDENTIFIER
control field NUST - PNEC
005 - DATE AND TIME OF LATEST TRANSACTION
control field 20170116181132.0
008 - FIXED-LENGTH DATA ELEMENTS--GENERAL INFORMATION
fixed length control field 050401s2005 nyub 000 0deng
010 ## - LIBRARY OF CONGRESS CONTROL NUMBER
LC control number 2005009249
020 ## - INTERNATIONAL STANDARD BOOK NUMBER
International Standard Book Number 1582345201 (hardcover)
020 ## - INTERNATIONAL STANDARD BOOK NUMBER
International Standard Book Number 9781582345208 (hardcover)
035 ## - SYSTEM CONTROL NUMBER
System control number (OCoLC)ocm58830515
040 ## - CATALOGING SOURCE
Original cataloging agency DLC
Transcribing agency LIBRARY
Modifying agency BAKER
-- C#P
-- XY4
-- DLC
042 ## - AUTHENTICATION CODE
Authentication code pcc
043 ## - GEOGRAPHIC AREA CODE
Geographic area code a-af---
050 00 - LIBRARY OF CONGRESS CALL NUMBER
Classification number DS352
Item number .A39 2005
082 00 - DEWEY DECIMAL CLASSIFICATION NUMBER
Classification number 958.1047 AKB
Edition number 22
100 1# - MAIN ENTRY--PERSONAL NAME
Personal name Akbar, Said Hyder.
245 10 - TITLE STATEMENT
Title Come back to Afghanistan :a California teenager's story
Statement of responsibility, etc. Said Hyder Akbar
250 ## - EDITION STATEMENT
Edition statement 1st U.S. ed.
260 ## - PUBLICATION, DISTRIBUTION, ETC.
Place of publication, distribution, etc. New York :
Name of publisher, distributor, etc. Bloomsbury :
-- Distributed to the trade by Holtzbrinck Publishers,
Date of publication, distribution, etc. c.2005.
300 ## - PHYSICAL DESCRIPTION
Extent xi, 339 p. :
Other physical details maps ;
Dimensions 25 cm.
600 10 - SUBJECT ADDED ENTRY--PERSONAL NAME
Personal name Akbar, Said Hyder
General subdivision Travel
Geographic subdivision Afghanistan.
650 ## - SUBJECT ADDED ENTRY--TOPICAL TERM
9 (RLIN) 14051
Topical term or geographic name entry element Come back to Afghanistan
General subdivision General
651 #0 - SUBJECT ADDED ENTRY--GEOGRAPHIC NAME
Geographic name Afghanistan
General subdivision Description and travel.
651 #0 - SUBJECT ADDED ENTRY--GEOGRAPHIC NAME
Geographic name Afghanistan
General subdivision Politics and government
Chronological subdivision 2001-
651 #0 - SUBJECT ADDED ENTRY--GEOGRAPHIC NAME
Geographic name Afghanistan
General subdivision History.
700 1# - ADDED ENTRY--PERSONAL NAME
Personal name Burton, Susan,
Dates associated with a name 1973-
856 42 - ELECTRONIC LOCATION AND ACCESS
Materials specified Contributor biographical information
Uniform Resource Identifier <a href="http://www.loc.gov/catdir/enhancements/fy0643/2005009249-b.html">http://www.loc.gov/catdir/enhancements/fy0643/2005009249-b.html</a>
856 42 - ELECTRONIC LOCATION AND ACCESS
Materials specified Publisher description
Uniform Resource Identifier <a href="http://www.loc.gov/catdir/enhancements/fy0643/2005009249-d.html">http://www.loc.gov/catdir/enhancements/fy0643/2005009249-d.html</a>
906 ## - LOCAL DATA ELEMENT F, LDF (RLIN)
a 7
b cbc
c orignew
d 1
e ecip
f 20
g y-gencatlg
942 ## - ADDED ENTRY ELEMENTS (KOHA)
Source of classification or shelving scheme
Koha item type Book
Holdings
Withdrawn status Lost status Source of classification or shelving scheme Damaged status Not for loan Permanent Location Current Location Shelving location Date acquired Total Checkouts Full call number Barcode Date last seen Date last checked out Price effective from Koha item type
          Pakistan Navy Engineering College (PNEC) Pakistan Navy Engineering College (PNEC)     1 958.1047 AKB PNECLIB-031909 11/18/2016 10/19/2016   Book
© 2023 Central Library, National University of Sciences and Technology. All Rights Reserved.